Biblioteki Polonii Amerykańskiej
Biblioteka Instytutu Józefa Piłsudskiego w Ameryce
Library of the Józef Piłsudski Institute of America
Biblioteka imienia Alfreda Jurzykowskiego Polskiego Instytutu Naukowego w Ameryce
The Alfred Jurzykowski Memorial Library of the Polish Institute of Arts & Sciences of America
Biblioteka Marjanczyków Polskiej Fundacji Kulturalnej
The Marjanczyk Library of the Polish Cultural Foundation

Biblioteka Fundacji Kościuszkowskiej
Library of the Kosciuszko Foundation

Niedopowiedziane biografie : (Record no. 91105)

MARC details
000 -LEADER
fixed length control field 02352nam a2200649 i 4500
001 - CONTROL NUMBER
control field 991053080739805066
003 - CONTROL NUMBER IDENTIFIER
control field NyNyJPI
005 - DATE AND TIME OF LATEST TRANSACTION
control field 20260413173611.0
008 - FIXED-LENGTH DATA ELEMENTS--GENERAL INFORMATION
fixed length control field 221110s2022 pl |001 0 pol c
009 - PHYSICAL DESCRIPTION FIXED-FIELD FOR ARCHIVAL COLLECTION (VM) [OBSOLETE]
fixed length control field b1000002702149
015 ## - NATIONAL BIBLIOGRAPHY NUMBER
National bibliography number UWD 2023/28850
020 ## - INTERNATIONAL STANDARD BOOK NUMBER
International Standard Book Number 9788367075350
Qualifying information (oprawa twarda) :
Terms of availability zł 69,90
035 ## - SYSTEM CONTROL NUMBER
System control number (PL)b1000002702149
035 ## - SYSTEM CONTROL NUMBER
System control number (EXLNZ-48OMNIS_NETWORK)9912855203005606
040 ## - CATALOGING SOURCE
Original cataloging agency LUBL M
Transcribing agency LUBL M
Modifying agency LUBL M
-- WA 392
-- MBPWR
-- WA 392
-- WA N
-- TOR U
-- KR U
-- GD U
-- LUBL KUL
-- MBPG
-- KR 295
-- POZN M
-- WR M
045 2# - TIME PERIOD OF CONTENT
Formatted 9999 B.C. through C.E. time period d1939
-- d1945
046 ## - SPECIAL CODED DATES
Beginning or single date created 2022
080 ## - UNIVERSAL DECIMAL CLASSIFICATION NUMBER
Universal Decimal Classification number 94(438).082
084 ## - OTHER CLASSIFICATION NUMBER
Classification number 01
100 1# - MAIN ENTRY--PERSONAL NAME
Personal name Gałęziowski, Jakub
Dates associated with a name (1982- )
Relator term Autor
245 10 - TITLE STATEMENT
Title Niedopowiedziane biografie :
Remainder of title polskie dzieci urodzone z powodu wojny /
Statement of responsibility, etc. Jakub Gałęziowski.
246 30 - VARYING FORM OF TITLE
Title proper/short title Polskie dzieci urodzone z powodu wojny
250 ## - EDITION STATEMENT
Edition statement Wydanie I.
260 ## - PUBLICATION, DISTRIBUTION, ETC.
Place of publication, distribution, etc. Warszawa :
Name of publisher, distributor, etc. Wydawnictwo Krytyki Politycznej,
Date of publication, distribution, etc. 2022.
300 ## - PHYSICAL DESCRIPTION
Extent 458, [6] stron ;
Dimensions 22 cm.
336 ## - CONTENT TYPE
Content type term Tekst
Content type code txt
Source rdacontent
337 ## - MEDIA TYPE
Media type term Bez urządzenia pośredniczącego
Media type code n
Source rdamedia
338 ## - CARRIER TYPE
Carrier type term Wolumin
Carrier type code nc
Source rdacarrier
380 ## - FORM OF WORK
Form of work Książki
380 ## - FORM OF WORK
Form of work Publikacje naukowe
388 1# - TIME PERIOD OF CREATION
Time period of creation term 2001-
490 1# - SERIES STATEMENT
Series statement Seria Historyczna ;
Volume/sequential designation 45
504 ## - BIBLIOGRAPHY, ETC. NOTE
Bibliography, etc. note Bibliografia, wykaz aktów prawnych na stronach 421-450. Indeks.
530 ## - ADDITIONAL PHYSICAL FORM AVAILABLE NOTE
Additional physical form available note Książka dostępna także jako e-book.
648 #7 - SUBJECT ADDED ENTRY--CHRONOLOGICAL TERM
Chronological term 1901-2000
Source of heading or term DBN
648 #7 - SUBJECT ADDED ENTRY--CHRONOLOGICAL TERM
Chronological term 1939-1945
Source of heading or term DBN
650 #7 - SUBJECT ADDED ENTRY--TOPICAL TERM
Topical term or geographic name entry element II wojna światowa (1939-1945)
Source of heading or term DBN
650 #7 - SUBJECT ADDED ENTRY--TOPICAL TERM
Topical term or geographic name entry element Dzieci
Source of heading or term DBN
650 #7 - SUBJECT ADDED ENTRY--TOPICAL TERM
Topical term or geographic name entry element Kobieta
Source of heading or term DBN
650 #7 - SUBJECT ADDED ENTRY--TOPICAL TERM
Topical term or geographic name entry element Sieroty wojenne
Source of heading or term DBN
650 #7 - SUBJECT ADDED ENTRY--TOPICAL TERM
Topical term or geographic name entry element Trauma
Source of heading or term DBN
650 #7 - SUBJECT ADDED ENTRY--TOPICAL TERM
Topical term or geographic name entry element Zgwałcenie
Source of heading or term DBN
650 #0 - SUBJECT ADDED ENTRY--TOPICAL TERM
Topical term or geographic name entry element Women and war
Geographic subdivision Poland
General subdivision History
Chronological subdivision 20th century.
650 #0 - SUBJECT ADDED ENTRY--TOPICAL TERM
Topical term or geographic name entry element Children and war
Geographic subdivision Poland
General subdivision History
Chronological subdivision 20th century.
650 #0 - SUBJECT ADDED ENTRY--TOPICAL TERM
Topical term or geographic name entry element World War, 1939-1945
General subdivision Social aspects
Geographic subdivision Poland.
650 #0 - SUBJECT ADDED ENTRY--TOPICAL TERM
Topical term or geographic name entry element World War, 1939-1945
General subdivision Women
Geographic subdivision Poland.
650 #0 - SUBJECT ADDED ENTRY--TOPICAL TERM
Topical term or geographic name entry element World War, 1939-1945
General subdivision Children
Geographic subdivision Poland
650 #0 - SUBJECT ADDED ENTRY--TOPICAL TERM
Topical term or geographic name entry element Children
Geographic subdivision Poland
General subdivision History
Chronological subdivision 20th century.
650 #0 - SUBJECT ADDED ENTRY--TOPICAL TERM
Topical term or geographic name entry element Orphans
Geographic subdivision Poland
General subdivision History
Chronological subdivision 20th century.
650 #0 - SUBJECT ADDED ENTRY--TOPICAL TERM
Topical term or geographic name entry element Rape
Geographic subdivision Poland
General subdivision History
Chronological subdivision 20th century.
651 #7 - SUBJECT ADDED ENTRY--GEOGRAPHIC NAME
Geographic name Polska
Source of heading or term DBN
655 #7 - INDEX TERM--GENRE/FORM
Genre/form data or focus term Opracowanie
Source of term DBN
658 ## - INDEX TERM--CURRICULUM OBJECTIVE
Main curriculum objective Historia
710 2# - ADDED ENTRY--CORPORATE NAME
Corporate name or jurisdiction name as entry element Wydawnictwo Krytyki Politycznej
Relator term Wydawca
Relationship pbl
830 #0 - SERIES ADDED ENTRY--UNIFORM TITLE
Uniform title Seria Historyczna (Wydawnictwo Krytyki Politycznej)
Volume/sequential designation 45
942 ## - ADDED ENTRY ELEMENTS (KOHA)
Source of classification or shelving scheme Other/Generic Classification Scheme
Koha item type Books
Suppress in OPAC No
Holdings
Withdrawn status Lost status Source of classification or shelving scheme Damaged status Not for loan Home library Current library Date acquired Total checkouts Full call number Date last seen Price effective from Koha item type
    Other/Generic Classification Scheme   Not for loan Józef Piłsudski Institute Józef Piłsudski Institute 04/13/2026   K 1842 04/13/2026 04/13/2026 Books